Ligue 1: 50+ Goal Contributions (2000-) - Statistics

General Stats
  • This quiz has been taken 16 times
  • The average score is 46 of 156
Answer Stats
Ranking Player Positions Nationality Matches Goals (assists) Periods Clubs % Correct
1 Kylian Mbappé MF, FW 246 191 (64) 2015-2024
100%
9 Zlatan Ibrahimović FW 122 113 (37) 2012-2016
100%
30 Jonathan David FW 178 87 (15) 2020-2025
92%
13 Neymar MF, FW 112 82 (48) 2017-2023
92%
58 Pierre-Emerick Aubameyang MF, FW 154 58 (25) 2009-2012, 2023-2024
92%
65 Radamel Falcao FW 108 65 (10) 2013-2014, 2016-2019
92%
91 Aleksandr Golovin MF, FW 181 31 (33) 2018-2025
83%
4 Alexandre Lacazette FW 297 161 (30) 2009-2016, 2022-2025
83%
14 Ángel Di María MF, FW 197 56 (72) 2015-2022
83%
6 Edinson Cavani MF, FW 200 138 (24) 2013-2020
83%
11 Florian Thauvin MF, FW 259 86 (44) 2012-2021
83%
26 Memphis MF, FW 139 63 (43) 2016-2021
83%
24 Wahbi Khazri MF, FW 319 75 (35) 2012-2015, 2017-2025
83%
3 Wissam Ben Yedder MF, FW 320 161 (42) 2010-2015, 2019-2024
83%
17 André-Pierre Gignac MF, FW 290 103 (21) 2006-2015
67%
2 Dimitri Payet MF, FW 492 103 (115) 2005-2014, 2016-2023
67%
20 Djibril Cissé FW 206 96 (19) 2000-2003, 2006-2008, 2013-2015
67%
77 Hatem Ben Arfa MF, FW 241 42 (28) 2004-2010, 2015-2016, 2018-2019, 2020-2022
67%
145 Lionel Messi MF, FW 58 22 (30) 2021-2023
67%
93 Lucas Moura MF, FW 153 34 (30) 2012-2018
67%
12 Mamadou Niang FW 258 101 (29) 2000-2011
67%
81 André Ayew MF, FW 228 55 (14) 2007-2008, 2010-2014, 2023-2025
58%
149 Corentin Tolisso DF, MF 203 31 (20) 2013-2016, 2022-2025
58%
85 Eden Hazard MF, FW 147 36 (31) 2007-2012
58%
69 Florent Malouda MF, FW 258 43 (31) 2000-2006, 2014-2015
58%
72 Javier Pastore MF, FW 186 29 (44) 2011-2018
58%
10 Juninho Pernambucano MF 248 74 (62) 2001-2009
58%
16 Kévin Gameiro FW 305 101 (24) 2005-2006, 2007-2012, 2021-2024
58%
53 Nabil Fekir MF, FW 145 54 (30) 2013-2019
58%
7 Pauleta FW 264 141 (21) 2000-2008
58%
50 Amine Gouiri MF, FW 180 57 (27) 2017-2018, 2019-2025
50%
128 Houssem Aouar MF, FW 179 30 (24) 2016-2023
50%
5 Jimmy Briand MF, FW 483 102 (61) 2002-2013, 2015-2022
50%
75 Lisandro López MF, FW 119 59 (13) 2009-2013
50%
60 Marouane Chamakh FW 228 56 (24) 2002-2010
50%
59 Martin Terrier MF, FW 202 60 (22) 2016-2024
50%
79 Moses Simon MF, FW 177 33 (37) 2019-2025
50%
89 Moussa Dembélé MF, FW 129 56 (10) 2018-2023
50%
101 Nicolas Pépé MF, FW 125 44 (16) 2016-2018, 2022-2023
50%
124 Ousmane Dembélé MF, FW 81 36 (19) 2015-2016, 2023-2025
50%
43 Valère Germain MF, FW 313 61 (27) 2010-2011, 2013-2023
50%
104 Yohan Cabaye MF 245 32 (27) 2004-2010, 2013-2014, 2019-2020
50%
8 Bafétimbi Gomis FW 340 121 (29) 2004-2013, 2016-2017
42%
139 Brandão FW 171 36 (16) 2008-2016
42%
120 Clément Grenier MF, FW 198 26 (29) 2009-2021
42%
156 Didier Drogba FW 80 39 (11) 2001-2004
42%
15 Gaëtan Laborde MF, FW 297 88 (39) 2015-2025
42%
49 Karl Toko Ekambi MF, FW 177 59 (26) 2016-2017, 2019-2023
42%
63 Kim Källström MF 282 37 (38) 2003-2012
42%
48 Mathieu Valbuena MF, FW 298 36 (50) 2006-2013, 2015-2017
42%
36 Nenê MF, FW 142 55 (37) 2007-2013
42%
97 Terem Moffi FW 138 52 (11) 2020-2025
42%
42 Yoann Gourcuff MF 282 45 (44) 2003-2005, 2008-2019
42%
105 Alexander Frei FW 100 48 (10) 2002-2006
33%
67 Benoît Cheyrou MF 405 30 (44) 2000-2014
33%
98 Habib Diallo FW 150 53 (9) 2016-2017, 2019-2023
33%
84 Jérémy Ménez MF, FW 215 38 (30) 2004-2008, 2011-2013, 2016-2017
33%
31 Jérôme Rothen MF 294 22 (77) 2000-2008, 2012-2013
33%
39 Ludovic Giuly MF, FW 224 50 (39) 2000-2003, 2008-2010, 2012-2013
33%
146 Marvin Martin MF 228 8 (44) 2008-2016, 2018-2019
33%
70 Max Gradel MF, FW 187 53 (21) 2011-2014, 2017-2020
33%
22 Mevlüt Erdinç FW 295 92 (19) 2005-2017
33%
83 Morgan Sanson MF 273 41 (28) 2013-2020, 2022-2025
33%
32 Péguy Luyindula MF, FW 322 79 (19) 2000-2011
33%
27 Rémy Cabella MF, FW 330 60 (46) 2010-2013, 2015-2018, 2021-2025
33%
45 Sidney Govou MF, FW 324 50 (37) 2000-2009, 2011-2013
33%
19 Andy Delort FW 268 85 (32) 2011-2012, 2015-2022, 2024-2025
25%
94 Arnaud Kalimuendo MF, FW 156 53 (10) 2020-2025
25%
95 Emiliano Sala FW 144 48 (15) 2014-2019
25%
123 Gervinho MF, FW 126 36 (19) 2007-2011
25%
127 Guillaume Hoarau FW 129 41 (13) 2008-2014
25%
112 Jaroslav Plašil MF 410 20 (37) 2001-2007, 2009-2019
25%
52 John Utaka MF, FW 238 59 (25) 2002-2006, 2010-2013
25%
117 Karim Benzema FW 112 43 (13) 2004-2009
25%
47 Loïc Rémy FW 210 71 (15) 2006-2012, 2018-2020
25%
62 Ludovic Ajorque FW 166 59 (19) 2018-2022, 2024-2025
25%
64 Michel Bastos DF, MF 195 51 (24) 2006-2013
25%
137 Moussa Sow MF, FW 136 43 (10) 2004-2012
25%
40 Nolan Roux MF, FW 295 73 (16) 2010-2021
25%
21 Pierre-Alain Frau MF, FW 317 83 (32) 2001-2011, 2013-2014
25%
114 Rony Lopes MF, FW 185 36 (21) 2014-2020, 2022-2023
25%
23 Ryad Boudebouz MF, FW 369 49 (61) 2008-2016, 2019-2022
25%
115 Sonny Anderson FW 78 48 (9) 2000-2003
25%
132 Steve Mounié FW 162 44 (10) 2015-2016, 2020-2024
25%
37 Adrien Thomasson DF, MF, FW 347 46 (45) 2011-2012, 2014-2025
17%
107 Bakari Koné FW 150 42 (16) 2005-2010
17%
29 Benjamin Bourigeaud MF, FW 261 54 (48) 2014-2015, 2017-2025
17%
68 Benoît Pedretti MF 406 30 (44) 2001-2013, 2016-2017
17%
153 Blaise Matuidi MF 400 30 (20) 2005-2018
17%
44 Daniel Moreira FW 274 57 (30) 2000-2010
17%
121 Elye Wahi FW 125 44 (11) 2020-2025
17%
141 Florian Sotoca MF, FW 170 29 (23) 2015-2016, 2020-2025
17%
144 Lilian Laslandes FW 185 37 (15) 2000-2001, 2002-2008
17%
78 Ludovic Obraniak MF 290 36 (34) 2003-2014
17%
136 Maxwel Cornet DF, MF, FW 184 31 (22) 2014-2022
17%
35 Mickaël Pagis FW 243 68 (24) 2001-2010
17%
18 Olivier Monterrubio MF 275 60 (62) 2000-2007, 2009-2011
17%
25 Romain Hamouma MF, FW 347 63 (46) 2010-2023
17%
87 Shabani Nonda FW 116 57 (10) 2000-2005
17%
41 Souleymane Camara FW 423 62 (27) 2001-2006, 2009-2020
17%
38 Téji Savanier MF 200 48 (43) 2018-2025
17%
126 Benjamin Moukandjo MF, FW 165 47 (7) 2010-2012, 2014-2017
8%
61 Benjamin Nivet MF 325 47 (31) 2001-2002, 2005-2008, 2010-2012, 2015-2016, 2017-2018
8%
155 Denis Bouanga MF, FW 135 35 (15) 2015-2016, 2018-2022
8%
116 Emmanuel Rivière FW 175 41 (15) 2008-2013, 2017-2018
8%
140 Florent Balmont MF 512 13 (39) 2002-2020
8%
135 Francileudo Santos FW 160 39 (14) 2001-2009
8%
51 Gaël Danic MF 339 42 (42) 2000-2002, 2005-2006, 2008-2017
8%
34 Grégory Pujol FW 313 76 (16) 2002-2013, 2015-2016
8%
56 Jean-Claude Darcheville FW 173 60 (23) 2001-2006, 2008-2009
8%
73 Jonathan Bamba MF, FW 225 38 (35) 2014-2023
8%
129 Jonathan Clauss DF, MF 159 16 (38) 2020-2025
8%
33 Julien Féret MF 339 45 (48) 2008-2018
8%
57 Ludovic Blas MF, FW 293 48 (35) 2015-2025
8%
28 Marama Vahirua MF, FW 307 70 (35) 2000-2011
8%
131 Martin Braithwaite MF, FW 150 39 (15) 2013-2018
8%
86 Mathieu Bodmer DF, MF 418 41 (26) 2003-2020
8%
74 Pascal Feindouno MF, FW 253 49 (24) 2000-2008, 2010-2011
8%
102 Pierre Lees-Melou MF, FW 232 34 (25) 2016-2020, 2022-2025
8%
103 Romain Del Castillo MF, FW 186 22 (37) 2015-2016, 2018-2025
8%
147 Steve Savidan FW 110 40 (12) 2006-2009
8%
66 Yann Lachuer MF 225 23 (52) 2000-2007
8%
55 Youssouf Hadji MF, FW 276 61 (23) 2003-2011, 2016-2017
8%
125 Abdul Majeed Waris MF, FW 142 39 (15) 2013-2014, 2015-2016, 2018-2022
0%
133 Alassane Pléa MF, FW 119 36 (17) 2012-2018
0%
106 Anthony Le Tallec MF, FW 240 37 (21) 2002-2003, 2004-2005, 2006-2014
0%
90 Anthony Mounier MF, FW 210 29 (36) 2007-2016
0%
100 Camel Meriem MF 314 26 (34) 2001-2008, 2010-2013
0%
92 Cédric Barbosa MF 277 35 (29) 2001-2007, 2011-2015
0%
76 Cheick Diabaté FW 143 58 (12) 2009-2017
0%
154 Daniel Cousin FW 134 37 (13) 2003-2008
0%
134 Danijel Ljuboja FW 188 41 (12) 2000-2001, 2002-2004, 2009-2011
0%
150 Dennis Oliech FW 216 31 (20) 2005-2014
0%
88 Éric Carrière MF 238 22 (44) 2000-2008
0%
111 Étienne Didot MF 460 18 (39) 2001-2019
0%
122 Florent Mollet MF, FW 230 33 (22) 2016-2025
0%
82 Frédéric Piquionne FW 238 55 (14) 2001-2009
0%
151 Habib Bamogo FW 260 44 (7) 2001-2011
0%
71 Ilan FW 239 59 (14) 2004-2009, 2011-2014
0%
142 Ireneusz Jeleń MF, FW 153 49 (3) 2006-2012
0%
46 Jérôme Leroy MF 334 41 (45) 2000-2012
0%
108 Jussiê MF, FW 266 45 (13) 2004-2013, 2015-2016
0%
143 Kanga Akalé MF, FW 216 26 (26) 2002-2007, 2009-2011
0%
130 Kévin Monnet-Paquet MF, FW 359 33 (21) 2006-2007, 2009-2018, 2020-2021
0%
96 Laurent Batlles MF 385 38 (25) 2000-2012
0%
118 Modibo Maïga MF, FW 172 48 (8) 2007-2011, 2014-2015
0%
54 Nicolas de Préville MF, FW 273 50 (34) 2012-2022
0%
152 Olivier Thomert MF, FW 198 28 (23) 2002-2010
0%
113 Rafik Saïfi MF, FW 219 41 (16) 2000-2002, 2004-2009
0%
119 Renaud Cohade MF 334 20 (36) 2004-2005, 2007-2008, 2009-2017, 2019-2020
0%
138 Sébastien Roudet MF 255 25 (28) 2004-2007, 2009-2014
0%
109 Thomas Mangani MF 348 27 (31) 2008-2012, 2015-2023
0%
80 Toifilou Maoulida FW 310 63 (7) 2001-2007, 2009-2010, 2012-2014
0%
99 Wendel Geraldo MF 156 34 (28) 2006-2011
0%
148 Yann Jouffre MF 232 22 (30) 2003-2004, 2007-2018
0%
110 Yoan Gouffran MF, FW 186 41 (17) 2004-2005, 2007-2013
0%
No matching quizzes found
Score Distribution
Percent of People with Each Score
Percentile by Number Answered
Your Score History
You have not taken this quiz